| 000 | 00377nam a22001577a 4500 | ||
|---|---|---|---|
| 005 | 20170925143509.0 | ||
| 008 | 170919b xxu||||| |||| 00| 0 eng d | ||
| 020 | _a978-93-80386-79-7 | ||
| 041 | _aeng | ||
| 082 | _a660 | ||
| 100 |
_aSharma,Dr Sanjay K _93961 |
||
| 245 | _aEngineering Chemistry II | ||
| 260 |
_bUniversity Science Press _c2011 |
||
| 300 | _a209 | ||
| 942 | _cBK | ||
| 999 |
_c5599 _d5597 |
||